[Event "VIII Festival A"]
[Site "Salsomaggiore Terme ITA"]
[Date "2004.05.15"]
[Round "4"]
[White "Cenci, Federico"]
[Black "Salati, Paolo"]
[Result "1/2-1/2"]
[WhiteElo "1649"]
[BlackElo "1959"]
[PlyCount "88"]
[EventDate "2004.05.14"]

1. e4 Nf6 2. e5 Nd5 3. d4 d6 4. c4 Nb6 5. exd6 exd6 6. Nc3 Nc6 7. Be3 Be7 8.
Be2 O-O 9. h3 Nd7 10. Nf3 Re8 11. O-O Bf6 12. Qd2 Nf8 13. Nd5 Nd7 14. Rac1 Ne7
15. Nc3 c6 16. d5 c5 17. Bf4 Bxc3 18. Rxc3 Nf6 19. Bd3 Nf5 20. Re1 Rxe1+ 21.
Qxe1 Ne7 22. Qd2 Bf5 23. Bh2 Bxd3 24. Rxd3 Qd7 25. Qf4 Rd8 26. b3 Ng6 27. Qg5
Ne4 28. Qc1 h6 29. Nd2 Re8 30. Nxe4 Rxe4 31. Re3 Rxe3 32. Qxe3 Kf8 33. Bg3 Qe7
34. Qxe7+ Kxe7 35. Kf1 f6 36. Ke2 Ne5 37. Ke3 a6 38. Bxe5 fxe5 39. f4 Kf6 40.
Ke4 exf4 41. Kxf4 g6 42. g4 g5+ 43. Ke4 a5 44. a3 b6 1/2-1/2

[Event "VIII Festival A"]
[Site "Salsomaggiore Terme ITA"]
[Date "2004.05.15"]
[Round "4"]
[White "De Palma, Fabrizio"]
[Black "Annoni, Riccardo"]
[Result "0-1"]
[WhiteElo "1948"]
[BlackElo "2094"]
[PlyCount "92"]
[EventDate "2004.05.14"]

1. c4 c5 2. Nf3 Nc6 3. d4 cxd4 4. Nxd4 g6 5. e4 Bg7 6. Be3 d6 7. Nc3 Nf6 8. Be2
O-O 9. O-O a6 10. Qd2 Ng4 11. Bxg4 Bxg4 12. f3 Bd7 13. Rac1 Rc8 14. Nde2 Qa5
15. Rfd1 Be6 16. b3 b5 17. cxb5 axb5 18. Nf4 Rfe8 19. Nfd5 b4 20. Ne2 Bxd5 21.
exd5 Ne5 22. Rxc8 Rxc8 23. Rc1 Ra8 24. Rc2 h5 25. Nd4 Qxd5 26. Qxb4 Nd3 27. Qc3
Nc5 28. Qc4 Qxc4 29. bxc4 Ra3 30. Kf2 Nd3+ 31. Ke2 Nb4 32. Rb2 Nc6 33. Rd2
Nxd4+ 34. Bxd4 Bxd4 35. Rxd4 Rxa2+ 36. Kf1 f5 37. h4 Kf7 38. Kg1 Ke6 39. Kh2
Rc2 40. Kg3 Kd7 41. Kh3 e5 42. Rd1 Rxc4 43. Ra1 d5 44. Ra6 d4 45. Rxg6 d3 46.
Rg7+ Ke6 0-1

[Event "VIII Festival A"]
[Site "Salsomaggiore Terme ITA"]
[Date "2004.05.15"]
[Round "4"]
[White "Diotallevi, Maurizio"]
[Black "Mrdja, Milan"]
[Result "0-1"]
[WhiteElo "2099"]
[BlackElo "2405"]
[PlyCount "104"]
[EventDate "2004.05.14"]

1. Nf3 c5 2. e4 d6 3. Bb5+ Nd7 4. O-O a6 5. Bxd7+ Bxd7 6. c4 Nf6 7. d3 e6 8.
Nc3 Be7 9. Qe2 O-O 10. Rd1 b5 11. b3 b4 12. Nb1 e5 13. Nbd2 Nh5 14. Nf1 Bf6 15.
Ne3 Nf4 16. Qf1 g6 17. Nd5 Bg4 18. Bxf4 exf4 19. Nxf6+ Qxf6 20. Qe2 g5 21. Qd2
Rfe8 22. Re1 Bh5 23. h3 a5 24. a4 Bxf3 25. gxf3 Qd4 26. Kh2 f6 27. Rad1 Kf7 28.
Rg1 Rg8 29. Rg2 Rg6 30. Rh1 Re8 31. Rc1 Rh6 32. Rh1 Rh5 33. Rgg1 Rg8 34. Kg2
Rg6 35. Rc1 Rh4 36. Rh2 Ke6 37. Rhh1 h5 38. Qe2 Rh6 39. Qd2 Rh8 40. Rh2 g4 41.
Rch1 gxh3+ 42. Kf1 Rg8 43. Qd1 Qb2 44. Rg1 Rg6 45. Rgh1 Rg7 46. Rg1 Rxg1+ 47.
Kxg1 Ke5 48. Qf1 Kd4 49. Rxh3 Rxh3 50. Qxh3 Kxd3 51. Qxh5 Ke2 52. Kh2 Qd4 0-1

[Event "VIII Festival A"]
[Site "Salsomaggiore Terme ITA"]
[Date "2004.05.15"]
[Round "4"]
[White "Dragojlovic, Andjelko"]
[Black "Bini, Lorenzo"]
[Result "1-0"]
[WhiteElo "2340"]
[BlackElo "2036"]
[PlyCount "81"]
[EventDate "2004.05.14"]

1. e4 b6 2. d4 Bb7 3. Nd2 g6 4. Ngf3 Bg7 5. Bc4 e6 6. Bb3 Ne7 7. O-O O-O 8. Re1
Kh8 9. e5 d5 10. Nf1 c5 11. c3 Nbc6 12. Bf4 Ba6 13. Ng3 cxd4 14. Nxd4 Qc7 15.
Qd2 Rac8 16. Nf3 Ng8 17. h4 h6 18. Rad1 Na5 19. Bc2 Nc4 20. Qc1 Qe7 21. Bb1 f5
22. exf6 Qxf6 23. Be3 Nxe3 24. Qxe3 Rc6 25. Ne5 Qxe5 26. Qxe5 Bxe5 27. Rxe5 Kg7
28. Rde1 Bc8 29. Ne2 Rf6 30. Nd4 Rd6 31. Nb5 Rd8 32. Nd4 Kf7 33. h5 gxh5 34.
Rxh5 Ne7 35. Re3 Rg8 36. Rhe5 Bd7 37. g3 Ng6 38. Bxg6+ Rgxg6 39. Kg2 Rg5 40. f4
Rxf4 41. Rxg5 1-0

[Event "VIII Festival A"]
[Site "Salsomaggiore Terme ITA"]
[Date "2004.05.15"]
[Round "4"]
[White "Ficco, Corrado"]
[Black "Castellano, Alfonso"]
[Result "1-0"]
[WhiteElo "2090"]
[BlackElo "1922"]
[PlyCount "84"]
[EventDate "2004.05.14"]

1. e4 c5 2. Nf3 d6 3. d4 cxd4 4. Nxd4 Nf6 5. Nc3 a6 6. f4 e5 7. Nf3 Nbd7 8. a4
Qc7 9. Bd3 Be7 10. O-O exf4 11. Kh1 O-O 12. Bxf4 Ne5 13. Bg5 Be6 14. Qe1 Rac8
15. Qg3 Ng6 16. Nd4 Nh5 17. Qe3 Qd8 18. Bxe7 Qxe7 19. Nf5 Qd7 20. Qg5 Nf6 21.
Nxg7 Nxe4 22. Nxe4 Kxg7 23. Qf6+ Kg8 24. Qd4 f5 25. Nf6+ Rxf6 26. Qxf6 Rf8 27.
Qg5 Kh8 28. Rae1 Ne5 29. Qh6 Qf7 30. Qf4 Qg7 31. Re3 Qd7 32. Rxe5 dxe5 33.
Qxe5+ Kg8 34. Rf3 Rf7 35. h3 Kf8 36. Qf4 Ke7 37. Qb4+ Kd8 38. Qb6+ Kc8 39. Bxa6
Bd5 40. Rc3+ Bc6 41. Bxb7+ Qxb7 42. Rxc6+ Kb8 1-0

[Event "VIII Festival A"]
[Site "Salsomaggiore Terme ITA"]
[Date "2004.05.15"]
[Round "4"]
[White "Garofalo, Sergio"]
[Black "Dallaglio, Giovanni"]
[Result "0-1"]
[WhiteElo "1784"]
[BlackElo "2019"]
[PlyCount "66"]
[EventDate "2004.05.14"]

1. d4 d5 2. Nf3 Nf6 3. Nbd2 e6 4. a3 c5 5. e3 Nc6 6. b3 cxd4 7. exd4 Be7 8. Bd3
O-O 9. Bb2 b6 10. Qe2 Bb7 11. O-O Re8 12. Rad1 Bf8 13. Ne5 Nxe5 14. dxe5 Nd7
15. f4 g6 16. c4 Nc5 17. Bb1 Qc7 18. b4 Na4 19. Ba1 a5 20. Qg4 dxc4 21. Be4 b5
22. f5 axb4 23. fxg6 fxg6 24. Bxb7 Qxb7 25. Ne4 Bg7 26. Nd6 Qc6 27. Nxe8 Rxe8
28. Rd6 Qc8 29. axb4 Bf8 30. Qf3 Re7 31. Bd4 Bg7 32. Ra6 Qd7 33. Rd6 Qc8 0-1

[Event "VIII Festival A"]
[Site "Salsomaggiore Terme ITA"]
[Date "2004.05.15"]
[Round "4"]
[White "Gilardone, Adriano"]
[Black "Bonugli, Carlo"]
[Result "0-1"]
[WhiteElo "1931"]
[BlackElo "2067"]
[PlyCount "92"]
[EventDate "2004.05.14"]

1. e4 e6 2. d4 d5 3. exd5 exd5 4. Bd3 Bd6 5. Nc3 c6 6. Nge2 Qc7 7. g3 Bg4 8.
Be3 Bf3 9. Rg1 Nf6 10. Qd2 O-O 11. O-O-O b5 12. Rde1 Nbd7 13. Bf4 Be4 14. Bxd6
Qxd6 15. Bxe4 dxe4 16. Qf4 Qe6 17. Kb1 Nb6 18. Nc1 Nbd5 19. Nxd5 cxd5 20. g4
Qb6 21. Nb3 Rae8 22. Re3 Nd7 23. g5 a5 24. Rh3 a4 25. Nc1 Qxd4 26. Qh4 h6 27.
gxh6 g6 28. Ne2 Qb6 29. Nf4 Re5 30. h7+ Kh8 31. Qg3 Rfe8 32. Rh6 Nf8 33. h4 Qd8
34. h5 g5 35. Ng6+ fxg6 36. hxg6 Qf6 37. g7+ Qxg7 38. Rhh1 Ng6 39. Qe3 Nf4 40.
a3 Rf5 41. Rd1 Ne6 42. Rhf1 Qe5 43. c3 Nf4 44. Qc5 Nd3 45. Qe3 b4 46. cxb4
Qxb2# 0-1

[Event "VIII Festival A"]
[Site "Salsomaggiore Terme ITA"]
[Date "2004.05.15"]
[Round "4"]
[White "Grillo, Francesco"]
[Black "Terbonati, Paolo"]
[Result "1/2-1/2"]
[WhiteElo "1646"]
[BlackElo "1925"]
[PlyCount "36"]
[EventDate "2004.05.14"]

1. d4 Nf6 2. c4 g6 3. Nc3 Bg7 4. e4 d6 5. Be2 O-O 6. Bg5 h6 7. Be3 e5 8. d5
Nbd7 9. g4 Nh7 10. h4 a5 11. Qd2 g5 12. hxg5 Nxg5 13. f3 Nc5 14. Nh3 f6 15. Nf2
b6 16. b3 Bd7 17. O-O Be8 18. Kg2 Bg6 1/2-1/2

[Event "VIII Festival A"]
[Site "Salsomaggiore Terme ITA"]
[Date "2004.05.15"]
[Round "4"]
[White "Gromovs, Sergejs"]
[Black "Vezzosi, Paolo"]
[Result "1/2-1/2"]
[WhiteElo "2291"]
[BlackElo "2360"]
[PlyCount "79"]
[EventDate "2004.05.14"]

1. d4 d5 2. Nf3 Nf6 3. c4 e6 4. Nc3 c6 5. e3 Nbd7 6. Bd3 Bd6 7. e4 dxc4 8. Bxc4
b5 9. Bd3 e5 10. O-O Bb7 11. Bg5 Qe7 12. Re1 O-O 13. d5 Bb4 14. dxc6 Bxc6 15.
Nh4 Qe6 16. Re3 Bxc3 17. bxc3 h6 18. Bxf6 Nxf6 19. Qe2 a6 20. Rg3 Kh7 21. Nf5
g6 22. Nh4 Nh5 23. Re3 Nf4 24. Qf3 Rad8 25. Bf1 Rd2 26. a3 Rfd8 27. g3 Nh5 28.
Rd3 R8xd3 29. Bxd3 Nf6 30. Qe3 Rb2 31. Qc1 Ra2 32. Rxa2 Qxa2 33. f3 Nd7 34. c4
Nc5 35. Bf1 Nb3 36. Qc3 Nd4 37. Qb4 g5 38. Qf8 gxh4 39. Qxf7+ Kh8 40. Qf8+
1/2-1/2

[Event "VIII Festival A"]
[Site "Salsomaggiore Terme ITA"]
[Date "2004.05.15"]
[Round "4"]
[White "Guastadini, Paolo"]
[Black "Di Paolo, Raffaele"]
[Result "0-1"]
[WhiteElo "2130"]
[BlackElo "2349"]
[PlyCount "36"]
[EventDate "2004.05.14"]

1. c4 Nc6 2. g3 e5 3. Bg2 g6 4. Nc3 Bg7 5. e3 Nf6 6. Nge2 d6 7. O-O Bf5 8. d3
Qd7 9. Re1 Bh3 10. Ne4 Bxg2 11. Nxf6+ Bxf6 12. Kxg2 h5 13. Nc3 h4 14. Qf3 hxg3
15. hxg3 Qh3+ 16. Kg1 O-O-O 17. Nd5 Bg7 18. b4 e4 0-1

[Event "VIII Festival A"]
[Site "Salsomaggiore Terme ITA"]
[Date "2004.05.15"]
[Round "4"]
[White "Marson, Antonio"]
[Black "Carzolio, Luigi"]
[Result "0-1"]
[WhiteElo "1673"]
[BlackElo "2037"]
[PlyCount "68"]
[EventDate "2004.05.14"]

1. d4 b5 2. Nf3 Bb7 3. Bf4 e6 4. e3 a6 5. c3 Nf6 6. Nbd2 Be7 7. h3 O-O 8. Be2
d6 9. O-O Nbd7 10. b3 Nd5 11. Rc1 Nxf4 12. exf4 c5 13. dxc5 Nxc5 14. Nd4 Qd7
15. b4 Ne4 16. Bd3 Nf6 17. f5 e5 18. Ne2 d5 19. Ng3 Rac8 20. Nb3 Rc7 21. f3 Bd6
22. Ne2 Rfc8 23. Qd2 Qe7 24. Rfe1 Nd7 25. Qe3 Qh4 26. Rf1 Be7 27. Qf2 Qh6 28.
Qe1 Qe3+ 29. Qf2 Qxd3 30. Rfd1 Qxf5 31. g4 Qg6 32. h4 Qb6 33. Qxb6 Nxb6 34. Re1
Bxh4 0-1

[Event "VIII Festival A"]
[Site "Salsomaggiore Terme ITA"]
[Date "2004.05.15"]
[Round "4"]
[White "Marson, Luca"]
[Black "Winfridsson, Ola"]
[Result "1/2-1/2"]
[WhiteElo "1868"]
[BlackElo "2057"]
[PlyCount "124"]
[EventDate "2004.05.14"]

1. e4 c6 2. d4 d5 3. f3 e6 4. Nc3 Bb4 5. Nge2 Nf6 6. Bg5 Qb6 7. Qd3 dxe4 8.
fxe4 Nbd7 9. O-O-O h6 10. Be3 Ng4 11. Bg1 Qa5 12. h3 Bxc3 13. Nxc3 Qg5+ 14. Kb1
Ngf6 15. Be3 Qg6 16. e5 Qxd3 17. Bxd3 Nd5 18. Nxd5 exd5 19. Rhf1 O-O 20. Rf3
Nb6 21. b3 Be6 22. Rdf1 Nd7 23. Bf5 Bxf5 24. Rxf5 Rae8 25. Bc1 c5 26. c3 Re6
27. R1f3 b6 28. Ba3 g6 29. R5f4 f6 30. exf6 Re1+ 31. Bc1 Kf7 32. Rf1 Rfe8 33.
R4f3 R8e2 34. Rxe1 Rxe1 35. Re3 Rxe3 36. Bxe3 g5 37. Kc2 Kxf6 38. g4 Ke6 39.
Kd3 Kd6 40. Bf2 Ke6 41. Bg3 a6 42. Bc7 b5 43. dxc5 Nxc5+ 44. Kd4 Ne4 45. c4
bxc4 46. bxc4 Nf2 47. cxd5+ Kd7 48. Be5 Nxh3 49. Bg7 Nf2 50. Bxh6 Nxg4 51. Bxg5
Nf2 52. Bf4 Nd1 53. Kc4 Nb2+ 54. Kc3 Na4+ 55. Kb4 Nb6 56. Kc5 Na4+ 57. Kd4 Nb6
58. Bb8 Kc8 59. Ba7 Nxd5 60. Kxd5 Kb7 61. Be3 a5 62. a4 Ka8 1/2-1/2

[Event "VIII Festival A"]
[Site "Salsomaggiore Terme ITA"]
[Date "2004.05.15"]
[Round "4"]
[White "Miladinovic, Igor"]
[Black "Giretti Kanev, Jasen"]
[Result "1-0"]
[WhiteElo "2614"]
[BlackElo "2153"]
[PlyCount "87"]
[EventDate "2004.05.14"]

1. d4 d5 2. Bg5 Bf5 3. e3 Nf6 4. Bxf6 exf6 5. Bd3 Qd7 6. Nf3 Bd6 7. Bxf5 Qxf5
8. O-O c6 9. Qe2 Nd7 10. c4 Qh5 11. Nc3 dxc4 12. Qxc4 O-O 13. Rfd1 Rfd8 14.
Rac1 Rac8 15. h3 h6 16. b4 a6 17. Ne4 Nb6 18. Qb3 Qd5 19. Qb1 Rc7 20. Nc5 Qh5
21. a4 Nd5 22. Nd3 Re8 23. Qb3 Qf5 24. b5 axb5 25. axb5 Qe6 26. bxc6 bxc6 27.
Nc5 Qe7 28. Rc4 f5 29. Rdc1 Ra7 30. Qb1 g6 31. Nd3 Rb7 32. Qc2 f4 33. e4 Qxe4
34. Re1 Ne3 35. fxe3 fxe3 36. Nde5 Qxc2 37. Rxc2 c5 38. Ng4 Bg3 39. Rec1 Re6
40. dxc5 h5 41. Nd4 Ree7 42. c6 Rb4 43. Nf6+ Kg7 44. Nxh5+ 1-0

[Event "VIII Festival A"]
[Site "Salsomaggiore Terme ITA"]
[Date "2004.05.15"]
[Round "4"]
[White "Mussap, Angelo"]
[Black "Pegoraro, Nicola"]
[Result "1/2-1/2"]
[WhiteElo "1904"]
[BlackElo "2066"]
[PlyCount "88"]
[EventDate "2004.05.14"]

1. e4 c5 2. Nf3 d6 3. d4 cxd4 4. Nxd4 Nf6 5. Nc3 a6 6. Be2 e5 7. Nb3 Be7 8. Be3
Be6 9. O-O O-O 10. Qd2 Nbd7 11. Rfd1 b5 12. a3 Rc8 13. Rac1 Nb6 14. f3 Qc7 15.
Na5 Rfd8 16. Qe1 d5 17. Nxd5 Nbxd5 18. exd5 Nxd5 19. Bd2 Bc5+ 20. Kh1 Ne3 21.
Bxe3 Bxe3 22. Rxd8+ Rxd8 23. Rd1 Rxd1 24. Bxd1 Bb6 25. Nb3 Bxb3 26. cxb3 Qc1
27. Qe2 g6 28. g3 Bd4 29. a4 Bxb2 30. Kg2 Bd4 31. Qd3 Kg7 32. Qf1 bxa4 33. bxa4
a5 34. Qe2 h5 35. h4 f5 36. Qd3 Kh6 37. f4 Qb2+ 38. Qc2 Qb7+ 39. Bf3 e4 40. Bd1
e3+ 41. Bf3 Qb4 42. Kf1 Qa3 43. Be2 Qa1+ 44. Qd1 Qc3 1/2-1/2

[Event "VIII Festival A"]
[Site "Salsomaggiore Terme ITA"]
[Date "2004.05.15"]
[Round "4"]
[White "Napoli, Nicolo'"]
[Black "Ambrosi, Eleonora"]
[Result "0-1"]
[WhiteElo "2127"]
[BlackElo "2118"]
[PlyCount "78"]
[EventDate "2004.05.14"]

1. e4 c5 2. c3 d5 3. exd5 Qxd5 4. d4 Nf6 5. Nf3 Bg4 6. Qa4+ Bd7 7. Qb3 Qxb3 8.
axb3 e6 9. Be2 Nc6 10. Na3 Rc8 11. dxc5 Bxc5 12. b4 Bd6 13. Be3 Bb8 14. O-O Nd5
15. b5 Nce7 16. Bd4 f6 17. c4 Nf4 18. Bd1 Nf5 19. Bc3 e5 20. g3 Ne6 21. Bc2 Nd6
22. Rfd1 Nxc4 23. Nxc4 Rxc4 24. Bb3 Rc7 25. Bd5 Ke7 26. Bb4+ Nc5 27. Bxb7 Rxb7
28. Bxc5+ Kf7 29. Nd2 Bxb5 30. Ne4 Be2 31. Rd2 Bf3 32. Nc3 h5 33. h3 f5 34. Rd3
e4 35. Rd5 g6 36. Bd4 Rc8 37. Ra6 Rxb2 38. Rf6+ Ke7 39. Rdxf5 Rb1+ 0-1

[Event "VIII Festival A"]
[Site "Salsomaggiore Terme ITA"]
[Date "2004.05.15"]
[Round "4"]
[White "Roversi, Stefano"]
[Black "Pipitone, Antonio"]
[Result "0-1"]
[WhiteElo "1896"]
[BlackElo "2028"]
[PlyCount "90"]
[EventDate "2004.05.14"]

1. e4 c5 2. Nf3 d6 3. d4 cxd4 4. Nxd4 Nf6 5. Nc3 Nc6 6. Be2 e6 7. Be3 Be7 8.
O-O O-O 9. f4 Qc7 10. Nxc6 bxc6 11. Bd3 Rb8 12. b3 Qa5 13. Ne2 Ng4 14. Bd4 e5
15. Bf2 exf4 16. Nxf4 Bf6 17. Nh3 Qe5 18. g3 Nxf2 19. Nxf2 Qxa1 20. Qxa1 Bxa1
21. Rxa1 Be6 22. Rf1 a5 23. a4 f5 24. Re1 f4 25. e5 d5 26. g4 f3 27. h3 g6 28.
Nd1 Kg7 29. Kf2 Rb4 30. Bf1 h5 31. gxh5 gxh5 32. Re3 Rd4 33. Rd3 Re4 34. Rxf3
Rxf3+ 35. Kxf3 Rxe5 36. Nb2 Bf5 37. Kf4 Kf6 38. c3 Bc2 39. Ba6 Bxb3 40. Bb7
Re4+ 41. Kf3 Bxa4 42. Nxa4 Rxa4 43. Bxc6 Rc4 44. Bxd5 Rxc3+ 45. Kg2 Kf5 0-1

[Event "VIII Festival A"]
[Site "Salsomaggiore Terme ITA"]
[Date "2004.05.15"]
[Round "4"]
[White "Scuderi, David"]
[Black "Giannetta, Paolo"]
[Result "1/2-1/2"]
[WhiteElo "2059"]
[BlackElo "1805"]
[PlyCount "94"]
[EventDate "2004.05.14"]

1. e4 d5 2. exd5 Qxd5 3. Nc3 Qa5 4. d4 c6 5. Nf3 Nf6 6. Bd2 Qb6 7. Bc4 Bf5 8.
Bb3 e6 9. O-O Nbd7 10. Be3 Qc7 11. h3 h6 12. Qd2 Bd6 13. Rfe1 O-O 14. Rad1 Rad8
15. Qc1 Nd5 16. Nxd5 exd5 17. c4 dxc4 18. Bxc4 Nb6 19. Bb3 Nd5 20. Bd2 Rfe8 21.
a3 Nf4 22. Bxf4 Bxf4 23. Qc5 Bg6 24. Qxa7 Be4 25. Ne5 Bxe5 26. dxe5 Rxd1 27.
Rxd1 Bd5 28. Bc2 Qxe5 29. Qxb7 Rb8 30. Qd7 Qg5 31. g3 g6 32. b4 Qf6 33. Qg4 Qb2
34. Qf4 Ra8 35. Be4 Rxa3 36. Bxd5 cxd5 37. Rxd5 Qa1+ 38. Kg2 Kg7 39. b5 Rb3 40.
Qd2 Qa8 41. Qd4+ Kh7 42. Kh2 Rb1 43. g4 Qb7 44. Qd3 Qc7+ 45. Qg3 Qc1 46. Qg2
Qf4+ 47. Qg3 Qc1 1/2-1/2

[Event "VIII Festival A"]
[Site "Salsomaggiore Terme ITA"]
[Date "2004.05.15"]
[Round "4"]
[White "Szirmai, Emil"]
[Black "Dvirnyy, Danyyil"]
[Result "1-0"]
[WhiteElo "2088"]
[BlackElo "1868"]
[PlyCount "61"]
[EventDate "2004.05.14"]

1. e4 c5 2. Nf3 d6 3. c3 Nf6 4. Be2 Nc6 5. d4 cxd4 6. cxd4 Nxe4 7. d5 Qa5+ 8.
Nc3 Nxc3 9. bxc3 Ne5 10. Nxe5 Qxc3+ 11. Bd2 Qxe5 12. O-O Bd7 13. Rc1 Qd4 14.
Rc7 Rd8 15. Rxd7 Rxd7 16. Bb5 a6 17. Bxd7+ Kxd7 18. Qb3 b5 19. Ba5 Qc5 20. Bd2
e6 21. dxe6+ fxe6 22. Rc1 Qd5 23. Qe3 Qb7 24. Ba5 h6 25. Rc7+ Qxc7 26. Bxc7
Kxc7 27. Qxe6 Kd8 28. Qd5 Kc7 29. g4 Kb6 30. Qf7 Kc6 31. Qa7 1-0

[Event "VIII Festival A"]
[Site "Salsomaggiore Terme ITA"]
[Date "2004.05.15"]
[Round "4"]
[White "Tamburini, Lorenzo"]
[Black "Molteni, Costantino"]
[Result "1/2-1/2"]
[WhiteElo "2084"]
[BlackElo "1850"]
[PlyCount "109"]
[EventDate "2004.05.14"]

1. e4 Nf6 2. e5 Nd5 3. d4 d6 4. Nf3 dxe5 5. Nxe5 c6 6. g3 Nd7 7. Bg2 Nxe5 8.
dxe5 Bf5 9. c3 e6 10. O-O Qc7 11. Qe2 Be7 12. Nd2 O-O 13. Nf3 a5 14. Bg5 Bg4
15. Bxe7 Nxe7 16. h3 Bxf3 17. Bxf3 Ng6 18. Rfe1 Rad8 19. h4 Rd7 20. h5 Ne7 21.
Rad1 Rfd8 22. Rxd7 Rxd7 23. Qc2 Qd8 24. Rd1 Rxd1+ 25. Qxd1 Qxd1+ 26. Bxd1 h6
27. Kg2 Kf8 28. Kf3 Nd5 29. Ke4 Ke7 30. g4 Kd7 31. f4 b6 32. c4 Nc7 33. f5 Ke7
34. Kf4 c5 35. Bf3 f6 36. Bc6 fxe5+ 37. Kxe5 exf5 38. gxf5 Na6 39. a3 Nc7 40.
Ba4 Na6 41. Kd5 Nb8 42. Bc2 Kd7 43. Ba4+ Ke7 44. Bb5 Nd7 45. Kc6 Nf6 46. Kxb6
Nxh5 47. Kxc5 Ng3 48. Kd5 h5 49. Ke5 h4 50. Kf4 Kf6 51. Kg4 Nxf5 52. c5 Nd4 53.
Bf1 g5 54. b4 axb4 55. axb4 {...} 1/2-1/2

[Event "VIII Festival A"]
[Site "Salsomaggiore Terme ITA"]
[Date "2004.05.15"]
[Round "4"]
[White "Tomasi, Diego"]
[Black "Brancaleoni, Maurizio"]
[Result "0-1"]
[WhiteElo "2033"]
[BlackElo "2296"]
[PlyCount "98"]
[EventDate "2004.05.14"]

1. Nf3 c5 2. g3 Nc6 3. Bg2 e5 4. d3 d5 5. O-O f6 6. Nbd2 Bg4 7. c4 d4 8. Re1
Nh6 9. h3 Be6 10. a3 Qd7 11. Kh2 a5 12. Qa4 Rb8 13. Qb5 Nf7 14. Ne4 b6 15. Nfd2
Ncd8 16. Qxd7+ Kxd7 17. Nf3 a4 18. e3 Nc6 19. Ned2 Na5 20. Rb1 b5 21. Bf1 Nd6
22. b4 axb3 23. Nxb3 Nxb3 24. Rxb3 Be7 25. Nd2 Bd8 26. exd4 cxd4 27. a4 b4 28.
Ne4 Nxe4 29. Rxe4 Be7 30. Re2 Ra8 31. Ra2 Ra7 32. Bg2 f5 33. Bd2 Rb8 34. a5 e4
35. Bf4 Rba8 36. Bd2 Rb8 37. Bf4 Bd6 38. Bxd6 Kxd6 39. Ra4 Kc5 40. a6 exd3 41.
Rxd3 Bxc4 42. Rd1 b3 43. Rc1 Rb4 44. Ra5+ Kb6 45. Re5 b2 46. Rb1 Rxa6 47. Re8
Kc7 48. Re7+ Kd6 49. Re8 Ra1 0-1

[Event "VIII Festival A"]
[Site "Salsomaggiore Terme ITA"]
[Date "2004.05.15"]
[Round "4"]
[White "Traversi, Carlo"]
[Black "Cottarelli, Franco"]
[Result "0-1"]
[WhiteElo "1828"]
[BlackElo "1942"]
[PlyCount "50"]
[EventDate "2004.05.14"]

1. d4 f5 2. Nf3 Nf6 3. c4 e6 4. Nc3 Be7 5. Bf4 c6 6. e3 d5 7. cxd5 exd5 8. Bd3
O-O 9. O-O Ne4 10. Ne5 g5 11. Nxe4 fxe4 12. Ng4 gxf4 13. Nh6+ Kg7 14. Qh5 Bg5
15. Bxe4 dxe4 16. Rac1 Bxh6 17. Rc5 Qf6 18. exf4 Na6 19. Re5 Bxf4 20. Rxe4 Qg6
21. Qe2 Bh3 22. f3 Rae8 23. Kh1 Bf5 24. Re7+ Rxe7 25. Qxe7+ Rf7 0-1

[Event "VIII Festival A"]
[Site "Salsomaggiore Terme ITA"]
[Date "2004.05.16"]
[Round "5"]
[White "Ambrosi, Eleonora"]
[Black "Ferretti, Folco"]
[Result "0-1"]
[WhiteElo "2118"]
[BlackElo "2288"]
[PlyCount "100"]
[EventDate "2004.05.14"]

1. d4 Nf6 2. Nc3 d5 3. Bg5 Nbd7 4. Nf3 g6 5. Qd3 Bg7 6. O-O-O h6 7. Bh4 O-O 8.
Ne5 c6 9. Nxd7 Bxd7 10. f3 Qa5 11. Kb1 b5 12. e4 b4 13. Ne2 dxe4 14. fxe4 Be6
15. Nc1 Qh5 16. Bxf6 Bxf6 17. Be2 Qa5 18. Nb3 Qa4 19. Qa6 Qxa6 20. Bxa6 Rab8
21. e5 Bg7 22. Nc5 Bg4 23. Rde1 Rbd8 24. h3 Bc8 25. Bxc8 Rxc8 26. Na6 Rfd8 27.
Rd1 c5 28. dxc5 Bxe5 29. Nxb4 Rxd1+ 30. Rxd1 Rxc5 31. Rd7 Bd6 32. Rxa7 Rg5 33.
Na6 f5 34. c4 Rxg2 35. c5 Be5 36. Rxe7 Rxb2+ 37. Kc1 Rxa2 38. Nb4 Ra4 39. Nd3
Bd4 40. Rc7 f4 41. c6 Rc4+ 42. Kd2 f3 43. Rc8+ Kg7 44. Rd8 Bb6 45. Rd7+ Kf6 46.
Rd6+ Kf5 47. Rd7 Rxc6 48. Rh7 g5 49. Rd7 Re6 50. Rd5+ Kf6 0-1

[Event "VIII Festival A"]
[Site "Salsomaggiore Terme ITA"]
[Date "2004.05.16"]
[Round "5"]
[White "Bentivegna, Francesco"]
[Black "Gromovs, Sergejs"]
[Result "0-1"]
[WhiteElo "2258"]
[BlackElo "2291"]
[PlyCount "42"]
[EventDate "2004.05.14"]

1. Nc3 d5 2. d4 Bf5 3. f3 Nf6 4. Bg5 Nbd7 5. Nxd5 Nxd5 6. e4 h6 7. Bh4 c5 8.
Bf2 e5 9. dxe5 Qa5+ 10. Qd2 Nb4 11. c3 c4 12. a3 Nc6 13. exf5 O-O-O 14. O-O-O
Bxa3 15. bxa3 Nc5 16. Qb2 Nb3+ 17. Kc2 Qa4 18. Rxd8+ Rxd8 19. Bxc4 Rd2+ 20. Kb1
Rd1+ 21. Ka2 Nc1+ 0-1

[Event "VIII Festival A"]
[Site "Salsomaggiore Terme ITA"]
[Date "2004.05.16"]
[Round "5"]
[White "Bini, Lorenzo"]
[Black "Diotallevi, Maurizio"]
[Result "0-1"]
[WhiteElo "2036"]
[BlackElo "2099"]
[PlyCount "102"]
[EventDate "2004.05.14"]

1. f4 d6 2. b3 Nf6 3. Bb2 g6 4. g3 Bg7 5. Bg2 O-O 6. Nf3 c6 7. Qc1 Bg4 8. Nc3
Qb6 9. Nd1 Nbd7 10. Ne3 Bxf3 11. Bxf3 e5 12. Nc4 Qc7 13. Ba3 Ne8 14. fxe5 Nxe5
15. Nxe5 Bxe5 16. Bb2 d5 17. O-O f5 18. c4 d4 19. c5 Rd8 20. Qc4+ Kg7 21. Rae1
Nf6 22. e3 dxe3 23. Bxe5 Qxe5 24. Rxe3 Qd4 25. Qxd4 Rxd4 26. d3 Nd7 27. Rc1 Kf6
28. a3 a5 29. h3 h5 30. Rc4 Rxc4 31. dxc4 Nxc5 32. b4 axb4 33. axb4 Ne6 34. b5
Nd4 35. Bg2 g5 36. bxc6 bxc6 37. Rd3 Rd8 38. Kf2 f4 39. gxf4 gxf4 40. Bf3 h4
41. Rd1 c5 42. Bd5 Rb8 43. Rd2 Rb3 44. Kg2 Rg3+ 45. Kh2 Ke5 46. Ra2 f3 47. Ra8
Kf4 48. Rh8 Nf5 49. Rf8 Rg5 50. Rf7 Ke3 51. Rf8 Rg2+ 0-1

[Event "VIII Festival A"]
[Site "Salsomaggiore Terme ITA"]
[Date "2004.05.16"]
[Round "5"]
[White "Bocchicchio, Gaetano"]
[Black "Capurro, Giuliano"]
[Result "1-0"]
[WhiteElo "2187"]
[BlackElo "2067"]
[PlyCount "65"]
[EventDate "2004.05.14"]

1. d4 d5 2. Nc3 Nf6 3. Bg5 h6 4. Bxf6 exf6 5. e3 Be6 6. Qf3 c6 7. Bd3 Qd7 8. h3
Bd6 9. Nge2 Qc7 10. e4 dxe4 11. Nxe4 Nd7 12. c4 Bb4+ 13. Kf1 Be7 14. g3 f5 15.
N4c3 O-O 16. b3 Bf6 17. Bxf5 Qa5 18. Bc2 Rfe8 19. Rd1 c5 20. d5 Ne5 21. Qe4 Bd7
22. Qh7+ Kf8 23. Ne4 Ke7 24. Nxf6 Kxf6 25. Nf4 g6 26. Qxh6 Ke7 27. Qh4+ Kd6 28.
Qf6+ Kc7 29. Ne6+ fxe6 30. Qxe5+ Kc8 31. Bxg6 Rf8 32. dxe6 Bc6 33. e7 1-0

[Event "VIII Festival A"]
[Site "Salsomaggiore Terme ITA"]
[Date "2004.05.16"]
[Round "5"]
[White "Bocci, Alessandro"]
[Black "Bozuffi, Italo"]
[Result "1-0"]
[WhiteElo "1781"]
[BlackElo "1700"]
[PlyCount "83"]
[EventDate "2004.05.14"]

1. d4 Nc6 2. Nf3 d5 3. c4 Nf6 4. Nc3 Bf5 5. Bg5 e6 6. cxd5 exd5 7. Bxf6 gxf6 8.
Qb3 Nb4 9. Rc1 a5 10. a3 Bh6 11. e3 Nd3+ 12. Bxd3 Bxd3 13. Nxd5 c6 14. Nxf6+
Qxf6 15. Qxd3 O-O 16. O-O Rad8 17. Rc5 b6 18. Qf5 Qd6 19. Re5 Kh8 20. Re4 Qg6
21. Qxg6 hxg6 22. Rc1 c5 23. dxc5 bxc5 24. g3 Bg7 25. Rxc5 Bxb2 26. Rxa5 Rd1+
27. Kg2 Ra1 28. a4 Kg7 29. Ra7 Kf6 30. a5 Ra2 31. a6 Bc1 32. Rc7 Kf5 33. Rf4+
Ke6 34. Rxc1 Rxa6 35. Rc7 f5 36. Rfc4 Kd6 37. h4 Rb8 38. Rg7 Kd5 39. Rd4+ Kc5
40. Ne5 Rb2 41. Rxg6 Rxg6 42. Nxg6 1-0

[Event "VIII Festival A"]
[Site "Salsomaggiore Terme ITA"]
[Date "2004.05.16"]
[Round "5"]
[White "Bonugli, Carlo"]
[Black "Guastadini, Paolo"]
[Result "1-0"]
[WhiteElo "2067"]
[BlackElo "2130"]
[PlyCount "35"]
[EventDate "2004.05.14"]

1. e4 c6 2. d4 d5 3. e5 Bf5 4. Be3 h5 5. Nf3 e6 6. Nbd2 Nd7 7. c4 Bg4 8. cxd5
exd5 9. Bd3 Qb6 10. O-O Nh6 11. Qc2 Be7 12. Rac1 Nf8 13. h3 Bd7 14. Nb3 g6 15.
Bxh6 Rxh6 16. Nc5 Ne6 17. Qd2 Rh8 18. b4 $139 1-0